00781nam a2200253Ia 450000500170000000800390001702000150005608200150007110000300008624500640011625000190018030000430019950000200024265000230026265000250028565000190031065000190032965000240034826400320037233600270040433700330043133800280046404000350049220220317000617.0160601s2003 ck a g 000 0 spa a958281462404a520 bP82a1 aPuerta Restrepo, Germán10aAstronomía bciencia explicada cGermán Puerta Restrepo a1a. edición  a226 páginas bilustraciones c22 cm  ancluye glosario142LEMBaAstronomía142LEMBaVía láctea142LEMBaUniverso142LEMBaPlanetas142LEMBaSistema solar aBogotá bIntermedioc2003 atextobtxt2rdacontent asin mediaciónbn2rdamedia avolumenbnc2rdacarrier aCO-BoRNBPbspaerdacCO-BoRNBP